| 000 | 00557nam a2200169 a 4500 | ||
|---|---|---|---|
| 001 | 000017217 | ||
| 005 | 20200929165043.0 | ||
| 008 | 100319s1957 dr a 000 0 spa d | ||
| 040 |
_aDO-SdBNP _bspa _cBNPHU |
||
| 082 |
_axxx _bB562e |
||
| 100 | 1 |
_aBetances Ricart, Alfredo _937861 |
|
| 245 | 1 | 0 |
_aMi experiencia sobre la sinfisiotomía subcutánea / _cAlfredo Betances Ricart. |
| 260 |
_aCiudad Trujillo, República Dominicana : _bPol Hermanos, _c1957. |
||
| 300 |
_a[74 p.] : _bil. ; _c23 cm. |
||
| 504 | _aIncluye bibliografías [p. 71-73] | ||
| 049 | _aBNPD | ||
| 999 |
_c16742 _d16742 |
||